LEADER 01162nas 2200397-a 450 001 996201357403316 005 20210111030224.1 011 $a2161-6310 035 $a(DE-599)ZDB2632007-1 035 $a(OCoLC)694516197 035 $a(CKB)1000000000315138 035 $a(CONSER)--2011200155 035 $a(EXLCZ)991000000000315138 100 $a20080819a20069999 --- a 101 0 $aeng 135 $aur||||||||||| 181 $ctxt$2rdacontent 182 $cc$2rdamedia 183 $acr$2rdacarrier 200 10$aJournal of Moravian history 210 $aBethlehem, Pa. $cMoravian Archives and the Moravian Historical Society$dİ2006- 311 1 $a1933-6632 606 $aMoravians$xHistory$vPeriodicals 606 $aMoravians$2fast$3(OCoLC)fst01026120 608 $aHistory.$2fast 608 $aPeriodicals.$2fast 610 $aChristianity 615 0$aMoravians$xHistory 615 7$aMoravians. 676 $a284.6 712 02$aMoravian Archives (Bethlehem, Pa.) 712 02$aMoravian Historical Society. 906 $aJOURNAL 912 $a996201357403316 996 $aJournal of Moravian history$92559039 997 $aUNISA LEADER 03624oam 2200781 450 001 9910139028903321 005 20190911112729.0 010 $a981-4508-72-1 035 $a(OCoLC)897426839 035 $a(MiFhGG)GVRL8QZM 035 $a(EXLCZ)992550000001113076 100 $a20130424h20132013 uy 0 101 0 $aeng 135 $aurun|---uuuua 181 $ctxt 182 $cc 183 $acr 200 10$aBiological information-- new perspectives $eproceedings of a symposium held May 31 through June 3, 2011 at Cornell University /$feditors, Robert J. Marks II, Baylor University, USA, Michael J. Behe, Lehigh University, USA, William A. Dembski, Discovery Institute, USA, Bruce L. Gordon, Houston Baptist University, USA, John C. Sanford, Cornell University, USA 210 $cWorld Scientific Publishing Co$d2013 210 1$aNew Jersey :$cWorld Scientific,$d[2013] 210 4$d?2013 215 $a1 online resource (xix, 563 pages) $cillustrations (some color) 225 0 $aGale eBooks 300 $aDescription based upon print version of record. 311 $a981-4508-71-3 311 $a1-299-65205-0 320 $aIncludes bibliographical references and index. 327 $asection 1. Information theory & biology : introductory comments / Robert J. Marks II -- section 2. Biological information and genetic theory : introductory comments / John C. Sanford -- section 3. Theoretical molecular biology : introductory comments / Michael J. Behe -- section 4. Biological information and self-organizational complexity theory : introductory comments / Bruce L. Gordon. 330 $aIn the spring of 2011, a diverse group of scientists gathered at Cornell University to discuss their research into the nature and origin of biological information. This symposium brought together experts in information theory, computer science, numerical simulation, thermodynamics, evolutionary theory, whole organism biology, developmental biology, molecular biology, genetics, physics, biophysics, mathematics, and linguistics. This volume presents new research by those invited to speak at the conference.The contributors to this volume use their wide-ranging expertise in the area of biological 606 $aGenomics$vCongresses 606 $aMolecular genetics$vCongresses 606 $aCell interaction$vCongresses 606 $aMutation (Biology)$vCongresses 606 $aIntelligent design (Teleology)$vCongresses 610 $aMolecular Biology 610 $aMutation/Selection Paradigm 610 $aNumerical Simulation 610 $aMathematics 610 $aBiophysics 610 $aPhysics 610 $aThermodynamics 610 $aInformation Theory 610 $aEvolutionary Theory 610 $aComputer Science 610 $aLinguistics 610 $aGenetics 610 $aDevelopmental Biology 610 $aBiological Information 610 $aWhole Organism Biology 615 0$aGenomics 615 0$aMolecular genetics 615 0$aCell interaction 615 0$aMutation (Biology) 615 0$aIntelligent design (Teleology) 676 $a572.8/629 676 $a572.8629 700 $aRobert J Marks II$4auth$01367195 702 $aMarks$b Robert J.$cII$g(Robert Jackson),$f1950- 702 $aBehe$b Michael J.$f1952- 702 $aDembski$b William A.$f1960- 702 $aGordon$b Bruce L. 702 $aSanford$b John C. 801 0$bMiFhGG 801 1$bMiFhGG 906 $aBOOK 912 $a9910139028903321 996 $aBiological information-- new perspectives$93871601 997 $aUNINA